| 000 | 00000nam 2200000za 4500 |
| 001 | 9.839519 |
| 003 | CaOODSP |
| 005 | 20240129094953 |
| 007 | cr ||||||||||| |
| 008 | 170712s2013 quca ob f000 0 eng d |
| 040 | |aCaOODSP|beng |
| 043 | |an-cn--- |
| 086 | 1 |aP29-003-1000-2013E-PDF |
| 245 | 00|aVapour control systems in gasoline distribution networks |h[electronic resource] / |cprepared by the Canadian General Standards Board ; approved by the Standards Council of Canada. |
| 260 | |aGatineau : |bCanadian General Standards Board, |c2013. |
| 300 | |ai, 41 p. : |bill. |
| 490 | 1 |aNational standard of Canada ; |vno. 3.1000-2013 |
| 500 | |a"October 2013." |
| 500 | |a"Experience and excellence"--Cover. |
| 500 | |aSupersedes CAN/CGSB-3.1000-2007. |
| 500 | |aIssued also in French under title: Systèmes de récupération des vapeurs dans les réseaux de distribution d'essence. |
| 504 | |aIncludes bibliographical references. |
| 520 | |a"This National Standard of Canada defines equipment requirements, performance criteria, and operating and testing procedures for the implementation of a vapour control system (VCS) in gasoline distribution networks including terminals, bulk plants, service stations and cargo tanks, commonly known as Stage I"--Scope, p. 1. |
| 692 | 07|2gccst|aGasoline |
| 692 | 07|2gccst|aDistribution |
| 692 | 07|2gccst|aStandards |
| 710 | 2 |aStandards Council of Canada. |
| 710 | 2 |aCanadian General Standards Board. |
| 775 | 08|tSystèmes de récupération des vapeurs dans les réseaux de distribution d'essence |w(CaOODSP)9.839523 |
| 794 | |tVapour control systems in gasoline distribution networks |b2019|w(CaOODSP)9.867443 |
| 830 | #0|aNational standard of Canada ;|vno. 3.1000-2013.|w(CaOODSP)9.507848 |
| 856 | 40|qPDF|s1.57 MB|uhttps://publications.gc.ca/collections/collection_2017/ongc-cgsb/P29-003-1000-2013-eng.pdf |
| 986 | |aICS 75.200 |